Mistrzowskie składy NBA od 2000 roku - Statystyki

Ogólne statystyki
  • Ten quiz został rozwiązany 91 razy
    26 od ostatniego zresetowania
  • Średni wynik to 46 z 87
Statystyki odpowiedzi
Giannis Antetokounmpo % Poprawnych
Jayson Tatum
100%
Kobe Bryant
100%
LeBron James
94%
Nikola Jokic
94%
Shaquille O'Neal
94%
Stephen Curry
94%
A.C. Green
89%
Danny Green
89%
Draymond Green
89%
Jalen Williams
89%
Jason Williams
89%
Kevin Durant
89%
Klay Thompson
89%
Tim Duncan
89%
Dirk Nowitzki
83%
Dwyane Wade
83%
Jaylen Brown
83%
Kawhi Leonard
83%
Kevin Garnett
83%
Kyrie Irving
83%
Shai Gilgeous-Alexander
83%
Tony Parker
83%
Tristan Thompson
83%
Anthony Davis
78%
Chet Holmgren
78%
Giannis Antetokounmpo
78%
Pau Gasol
78%
Paul Pierce
78%
Ray Allen
78%
Aaron Gordon
72%
Ben Wallace
72%
Chris Bosh
72%
Derrick White
72%
Jamal Murray
72%
Jrue Holiday
72%
Marc Gasol
72%
Rajon Rondo
72%
Rasheed Wallace
72%
Brook Lopez
67%
David Robinson
67%
Isaiah Hartenstein
67%
Chauncey Billups
61%
Kyle Lowry
61%
Jason Kidd
56%
Luguentz Dort
56%
Manu Ginóbili
56%
Kevin Love
50%
Al Horford
44%
J.R. Smith
44%
K. Caldwell-Pope
44%
Khris Middleton
44%
Michael Porter Jr.
44%
Derek Fisher
39%
Pascal Siakam
39%
Robert Horry
39%
Andrew Wiggins
33%
Ron Artest
33%
Dwight Howard
28%
Horace Grant
28%
Mario Chalmers
28%
Richard Hamilton
28%
Rick Fox
28%
Udonis Haslem
28%
Andre Iguodala
22%
Antoine Walker
22%
Kendrick Perkins
22%
Kevon Looney
22%
Stephen Jackson
22%
Tayshaun Prince
22%
Zaza Pachulia
22%
Boris Diaw
17%
Bruce Bowen
17%
Glen Rice
17%
Harrison Barnes
17%
JaVale McGee
17%
P.J. Tucker
17%
Ron Harper
17%
Tyson Chandler
17%
Andrew Bynum
11%
J.J. Barea
11%
Nazr Mohammed
11%
Shawn Marion
11%
Fabricio Oberto
6%
Mike Miller
6%
Shane Battier
6%
Michael Finley
0%
Trevor Ariza
0%
Nie znaleziono quizów pasujących do podanych kryteriów
Rozkład punktacji
Procent ludzi z każdym wynikiem
Percentyl według liczby udzielonych odpowiedzi
Twoja historia wyników
Nie rozwiązałeś tego quizu od ostatniego zresetowania